Suomalaisten jäädytetyt pelinumerot NHL:ssä - Statistics

Yleistilastot
  • Tätä visaa on pelattu 258 kertaa
  • Keskiarvotulos 6 / 7
Vastaustilastot
% Oikein
Anaheim Ducks TeemuSelänne 8
100%
Edmonton Oilers Jari Kurri 17
97%
Minnesota Wild MikkoKoivu 9
97%
Nashville Predators PekkaRinne 35
94%
Dallas Stars JereLehtinen 26
87%
Calgary Flames MiikkaKiprusoff 34
79%
Arizona Coyotes TeppoNumminen 27
73%
Ehtoja vastaavia visoja ei löytynyt
Tulosjakauma
Jokaisen tuloksen saaneiden osuus
Persentiili vastausten määrän mukaan
Tuloshistoriasi
Et ole pelannut tätä visaa